Management of micro small and medium enterprises (MSME'S) in India / (Record no. 101271)

MARC details
000 -LEADER
fixed length control field 00680nam a22001937a 4500
005 - DATE AND TIME OF LATEST TRANSACTION
control field 20230125151621.0
010 ## - LCCN (DPL NO)
LC control number ENG-115425 ENG-136052
020 ## - INTERNATIONAL STANDARD BOOK NUMBER
International Standard Book Number 9788192853406
Terms of availability 1550.00
035 ## - SYSTEM CONTROL NUMBER
System control number EN-98957
035 ## - SYSTEM CONTROL NUMBER
System control number EN-119584
037 ## - SOURCE OF ACQUISITION
Source of stock number/acquisition DBAD/PUB
082 ## - DEWEY DECIMAL CLASSIFICATION NUMBER
Classification number 338.6420954
100 ## - MAIN ENTRY--PERSONAL NAME
Personal name Mohinder Singh
245 ## - TITLE STATEMENT
Title Management of micro small and medium enterprises (MSME'S) in India /
Statement of responsibility, etc by Mohinder Singh
260 ## - PUBLICATION, DISTRIBUTION, ETC. (IMPRINT)
Place of publication, distribution, etc Kurushetra (Haryana)
Name of publisher, distributor, etc Nirmal Publishing House
Date of publication, distribution, etc 2014
270 ## - ADDRESS
Address opp. Kurukshetra University IIIrd Gate,
City Kurukshetra
Postal code 136119
300 ## - PHYSICAL DESCRIPTION
Extent xxi,570p.
Dimensions 23cm(pbk)
942 ## - ADDED ENTRY ELEMENTS (KOHA)
Source of classification or shelving scheme Dewey Decimal Classification
Item type English Books
Classification part 338.6420954
Call number suffix MOH
Holdings
Withdrawn status Lost status Not for loan Collection code Home library Current library Date acquired Source of acquisition Cost, normal purchase price Full call number Barcode Copy number Cost, replacement price Koha item type
    Not For Loan Non-fiction D.B.Act.Division Bawana 13/07/2016 DBAD/PUB 1550.00 338.6420954 MOH EN-98957 1 1550.00 English Books
      Non-fiction Peshwa Road Peshwa Road 25/01/2023 DBAD/PUB 1550.00 338.6420954 MOH EN-119584 1 1550.00 English Books

© Delhi Public Library
Hit Counter
free hit counter